000 00841nam a2200253Ia 4500
003 OSt
005 20220923211634.0
006 a|||||r|||| 00| 0
007 ta
008 220922b |||||||| |||| 00| 0 hin d
024 _a35,955
037 _cTextual
040 _aARTS
_cARTS
_bhin
041 _2hin
_ahin
082 _aQ125:4x2,1:g, 152M4
100 _aकुॅंवरलाल
245 0 _aआपस्तम्बकल्प में यज्ञविद्या
246 _aĀpastambakalpa mean yagnavidyā
260 _aदिल्ली
_b इतिहास विद्या प्रकाशन
_c1984
300 _a200पृ.
_ccm.
650 _aधर्मशास्त्र
942 _hQ125:4x2,1:g, 152M4
_cTEXL
_2CC
999 _c301879
_d301879